[Event "World Blitz 2025"]
[Site "Doha QAT"]
[Date "2025.12.29"]
[Round "2.52"]
[White "Suleimen, Ergali"]
[Black "Theodorou, Nikolas"]
[Result "0-1"]
[WhiteTitle "IM"]
[BlackTitle "GM"]
[WhiteElo "2419"]
[BlackElo "2652"]
[WhiteFideId "13724452"]
[BlackFideId "4262875"]
[EventDate "2025.12.29"]

1. e4 c5 2. Nf3 Nc6 3. d4 cxd4 4. Nxd4 e5 5. Nb5 d6 6. c4 Nf6 7. N1c3 a6 8. Na3
g6 9. Be2 Bg7 10. O-O Be6 11. Be3 O-O 12. Nc2 Rc8 13. f3 Nh5 14. Qd2 Nf4 15.
Rfd1 Nxe2+ 16. Qxe2 Nd4 17. Nxd4 exd4 18. Bxd4 Rxc4 19. Bxg7 Kxg7 20. Rd2 b5 21.
Rad1 Qa5 22. Rxd6 b4 23. Na4 Rfc8 24. b3 Rc2 25. R6d2 Rxd2 26. Qxd2 h5 27. Qd4+
Kg8 28. h4 Qb5 29. Kh2 Qb8+ 30. e5 Qb5 31. Rd2 a5 32. Qf4 Re8 33. Qf6 Kh7 34.
Qf4 Bf5 35. Qg5 Qxe5+ 36. Qg3 Qa1 37. Qc7 Kg7 38. Nc5 Re1 39. Nd7 Bxd7 40. Qxd7
Rh1+ 41. Kg3 Qe5+ 42. Kf2 Qe1# 0-1

[Event "World Blitz 2025"]
[Site "Doha QAT"]
[Date "2025.12.29"]
[Round "2.53"]
[White "Yakubboev, Nodirbek"]
[Black "AlJamaat, Khaled"]
[Result "1-0"]
[WhiteTitle "GM"]
[WhiteElo "2691"]
[BlackElo "1719"]
[WhiteFideId "14203987"]
[BlackFideId "12102415"]
[EventDate "2025.12.29"]

1. c4 e5 2. Nc3 Nf6 3. Nf3 Nc6 4. d3 d5 5. cxd5 Nxd5 6. e4 Nb6 7. Be2 Bc5 8. Be3
Bd4 9. O-O O-O 10. Bxd4 exd4 11. Na4 Nd7 12. Rc1 Nde5 13. Nxe5 Nxe5 14. f4 Nc6
15. a3 Kh8 16. Qc2 f5 17. Bf3 Be6 18. Nc5 Bc8 19. e5 g5 20. Nxb7 Bxb7 21. Bxc6
Bxc6 22. Qxc6 gxf4 23. Rxf4 Qg5 24. Rcf1 Rad8 25. g3 Rb8 26. b4 Rb6 27. Qxc7 Rg6
28. Qd7 h5 29. e6 h4 30. e7 Rfg8 31. e8=Q hxg3 32. Qxd4+ Kh7 33. Rh4+ Rh6 34.
Qf7+ Rg7 35. Rxh6+ Kxh6 36. Qfxg7+ 1-0

[Event "World Blitz 2025"]
[Site "Doha QAT"]
[Date "2025.12.29"]
[Round "2.54"]
[White "Goutham Krishna H"]
[Black "Adhiban, Baskaran"]
[Result "1-0"]
[WhiteTitle "IM"]
[BlackTitle "GM"]
[WhiteElo "2433"]
[BlackElo "2557"]
[WhiteFideId "25983504"]
[BlackFideId "5018471"]
[EventDate "2025.12.29"]

1. c4 e5 2. d3 Nc6 3. Nf3 f5 4. a3 a5 5. g3 Nf6 6. Bg2 Bc5 7. O-O d6 8. e3 O-O
9. Nc3 h6 10. Rb1 Qe8 11. d4 Bb6 12. b4 axb4 13. axb4 e4 14. Nd2 Ne7 15. c5 Ba7
16. Qb3+ d5 17. Ra1 c6 18. b5 cxb5 19. Nxb5 Nc6 20. Nc7 Qh5 21. Nxa8 f4 22. f3
fxg3 23. hxg3 Bb8 24. Nxe4 Nxe4 25. fxe4 Rxf1+ 26. Kxf1 Kh7 27. e5 Bf5 28. Bb2
Qg6 29. Qxd5 Qxg3 30. Qf3 Qg6 31. e4 Bg4 32. Qf4 h5 33. Nb6 Bc7 34. Ra3 Bd8 35.
Rg3 Bg5 36. Rxg4 hxg4 37. Qxg4 Nb4 38. Qf5 1-0

[Event "World Blitz 2025"]
[Site "Doha QAT"]
[Date "2025.12.29"]
[Round "2.55"]
[White "Smirnov, Mark"]
[Black "Martinez Alcantara, Jose Eduardo"]
[Result "1-0"]
[WhiteTitle "FM"]
[BlackTitle "GM"]
[WhiteElo "2420"]
[BlackElo "2667"]
[WhiteFideId "13764594"]
[BlackFideId "3805662"]
[EventDate "2025.12.29"]

1. Nf3 d5 2. e3 Nf6 3. c4 e6 4. b3 b6 5. Bb2 Bb7 6. cxd5 exd5 7. g3 Nbd7 8. Bg2
Bd6 9. O-O O-O 10. Nc3 a6 11. Rc1 Re8 12. Re1 Bf8 13. Ne2 Rc8 14. Nf4 c5 15. d4
c4 16. Nd2 b5 17. bxc4 bxc4 18. e4 c3 19. Rxc3 Rxc3 20. Bxc3 dxe4 21. d5 Bxd5
22. Nxd5 Nxd5 23. Ba1 Bb4 24. Rxe4 Nc3 25. Qg4 Ne5 26. Rxe5 Rxe5 27. Qxb4 Re1+
28. Bf1 Ne2+ 29. Kg2 1-0

[Event "World Blitz 2025"]
[Site "Doha QAT"]
[Date "2025.12.29"]
[Round "2.56"]
[White "So, Wesley"]
[Black "Sahidi, Samir"]
[Result "0-1"]
[WhiteTitle "GM"]
[BlackTitle "IM"]
[WhiteElo "2753"]
[BlackElo "2516"]
[WhiteFideId "5202213"]
[BlackFideId "14936372"]
[EventDate "2025.12.29"]

1. e4 e5 2. Nc3 Nc6 3. g3 Bc5 4. Bg2 d6 5. Na4 Nge7 6. Ne2 O-O 7. O-O a6 8. Nxc5
dxc5 9. d3 Be6 10. Be3 Nd4 11. c3 Nxe2+ 12. Qxe2 Qd6 13. f4 f6 14. f5 Bf7 15. g4
Rfd8 16. Rad1 Nc6 17. g5 Kf8 18. Qf2 b6 19. Qh4 Bg8 20. Rf3 Ke7 21. Rg3 Kd7 22.
gxf6 gxf6 23. Rg7+ Kc8 24. a3 Kb7 25. b4 cxb4 26. axb4 a5 27. b5 Na7 28. c4 Bxc4
29. Rc1 Qxd3 30. Bf2 Qe2 31. h3 Rd1+ 32. Rxd1 Qxd1+ 33. Kh2 Nxb5 34. Qxf6 Qd6
35. Qg5 a4 36. Qc1 Bb3 37. Bh4 a3 38. Be7 Qc6 39. Qa1 a2 40. f6 Qc3 41. Qf1 a1=Q
42. Qxb5 Qe3 43. Bb4 Qag1# 0-1

[Event "World Blitz 2025"]
[Site "Doha QAT"]
[Date "2025.12.29"]
[Round "2.57"]
[White "Yu, Yangyi"]
[Black "Volokitin, Andrei"]
[Result "1/2-1/2"]
[WhiteTitle "GM"]
[BlackTitle "GM"]
[WhiteElo "2717"]
[BlackElo "2619"]
[WhiteFideId "8603820"]
[BlackFideId "14107090"]
[EventDate "2025.12.29"]

1. e4 c5 2. Nf3 d6 3. Bc4 Nf6 4. d3 Nc6 5. O-O Bg4 6. h3 Bh5 7. c3 e6 8. Nbd2 a6
9. Bb3 d5 10. Re1 Be7 11. exd5 Nxd5 12. Nf1 O-O 13. Ng3 Bg6 14. Bc2 Qc7 15. Qe2
Rad8 16. Qf1 Rd7 17. Ne4 Rfd8 18. Bd2 Nf4 19. Bxf4 Qxf4 20. Re3 h6 21. Rae1 b5
22. a3 Qc7 23. Qe2 Bf8 24. Nh4 Bh7 25. Rg3 Kh8 26. Qh5 Rd5 27. Qe2 Ne5 28. Rf1
Qd7 29. Nf3 Nxf3+ 30. Rxf3 Bg6 31. Rg3 Qc7 32. Re1 Bh7 33. Rf3 Bg6 34. Re3 Qf4
35. Rf3 Qc7 36. Rg3 Bh7 37. Re3 Bg6 1/2-1/2

[Event "World Blitz 2025"]
[Site "Doha QAT"]
[Date "2025.12.29"]
[Round "2.58"]
[White "Le, Quang Liem"]
[Black "Tsaruk, Maksim"]
[Result "1-0"]
[WhiteTitle "GM"]
[BlackTitle "GM"]
[WhiteElo "2731"]
[BlackElo "2515"]
[WhiteFideId "12401137"]
[BlackFideId "13511173"]
[EventDate "2025.12.29"]

1. d4 Nf6 2. c4 e6 3. Nf3 b6 4. g3 Bb7 5. Bg2 Be7 6. O-O O-O 7. Re1 Qc8 8. Nc3
Ne4 9. Bd2 d6 10. Qc2 Nxd2 11. Qxd2 Nd7 12. Rad1 a5 13. e4 c6 14. h4 h6 15. Bh3
Qc7 16. d5 cxd5 17. cxd5 e5 18. Rc1 Nc5 19. Na4 Bc8 20. Bxc8 Rfxc8 21. Qe2 Qb7
22. Nxc5 bxc5 23. Rc2 a4 24. Nd2 Rf8 25. Qf3 Rab8 26. Nc4 Qd7 27. Re3 f5 28.
exf5 Rxf5 29. Qg4 h5 30. Qg6 Rbf8 31. Qe6+ Qxe6 32. dxe6 R8f6 33. Ra3 Rxe6 34.
Ne3 Rf8 35. Rxa4 Bf6 36. Nd5 Rb8 37. Kg2 e4 38. Nf4 Re5 39. Rd2 g5 40. Nxh5 Be7
41. b3 gxh4 42. Nf4 hxg3 43. Ng6 Re6 44. Nxe7+ Rxe7 45. Rxd6 gxf2 46. Kxf2 Rf8+
47. Ke2 Rf4 48. Rg6+ Kf7 49. Rh6 Rh4 50. Rxh4 1-0

[Event "World Blitz 2025"]
[Site "Doha QAT"]
[Date "2025.12.29"]
[Round "2.59"]
[White "Esipenko, Andrey"]
[Black "Zverev, Lev"]
[Result "1-0"]
[WhiteTitle "GM"]
[BlackTitle "IM"]
[WhiteElo "2698"]
[BlackElo "2453"]
[WhiteFideId "24175439"]
[BlackFideId "24250775"]
[EventDate "2025.12.29"]

1. e4 e5 2. Nf3 Nc6 3. Bb5 a6 4. Ba4 Nf6 5. d4 exd4 6. O-O Be7 7. e5 Ne4 8. Nxd4
O-O 9. Nf5 d5 10. Nxe7+ Nxe7 11. c3 Nc5 12. Bc2 Bf5 13. Na3 Bxc2 14. Nxc2 Ne6
15. f4 f5 16. exf6 Rxf6 17. Qd3 c6 18. f5 Nc5 19. Qh3 Ne4 20. Be3 Qd7 21. g4 c5
22. Bf4 Raf8 23. Rad1 Qb5 24. b3 Qa5 25. c4 Qxa2 26. Qd3 Nd6 27. g5 dxc4 28.
bxc4 Rxf5 29. Bxd6 Rxf1+ 30. Rxf1 Rxf1+ 31. Kxf1 Ng6 32. Qd5+ Kh8 33. Qf7 Qb1+
34. Ne1 Qe4 35. Qd5 Qg4 36. Bg3 h6 1-0

[Event "World Blitz 2025"]
[Site "Doha QAT"]
[Date "2025.12.29"]
[Round "2.60"]
[White "Pichot, Alan"]
[Black "Xiao, Tong(QD)"]
[Result "1-0"]
[WhiteTitle "GM"]
[BlackTitle "GM"]
[WhiteElo "2597"]
[BlackElo "2555"]
[WhiteFideId "110973"]
[BlackFideId "8622388"]
[EventDate "2025.12.29"]

1. e4 e6 2. d4 d5 3. Nc3 dxe4 4. Nxe4 Nd7 5. Nf3 Ngf6 6. Nxf6+ Nxf6 7. Be3 Bd7
8. Ne5 Ba4 9. Bd3 Bb4+ 10. Kf1 Bd6 11. Qf3 Bxe5 12. dxe5 Nd5 13. Bd2 Qd7 14. Rd1
O-O-O 15. Qg3 h6 16. h3 Kb8 17. Kg1 g5 18. Kh2 Rhg8 19. b3 Bc6 20. f3 Qe8 21.
Bh7 Rh8 22. Be4 Ne7 23. Bb4 Bxe4 24. Bxe7 Qxe7 25. fxe4 a6 26. c4 Rxd1 27. Rxd1
Rd8 28. Rxd8+ Qxd8 29. Qf2 Qe7 30. Qd4 Kc8 31. Kg3 h5 32. Kf3 Qb4 33. Qe3 Qe7
34. Qd4 Qb4 35. Qe3 Qe7 36. Qd2 f6 37. Qd4 fxe5 38. Qxe5 Qf7+ 39. Kg3 Qg6 40. c5
Kd7 41. b4 Kc6 42. a4 Kd7 43. b5 axb5 44. axb5 Kc8 45. b6 cxb6 46. cxb6 Qf7 47.
Qxg5 Kd7 48. Qc5 Qg6+ 49. Kf3 Qf6+ 50. Ke3 Qh6+ 51. Kd3 Qf4 52. Qxh5 Qd6+ 53.
Ke2 Qxb6 54. Qf7+ Kd6 55. Qf4+ Kd7 56. h4 Qa6+ 57. Kf2 b5 58. h5 Qa2+ 59. Kg3
Qb3+ 60. Kh4 b4 61. h6 Qc3 62. e5 b3 63. h7 Qe1+ 64. Kg5 Qh1 65. Qf7+ Kc6 66.
Qxe6+ Kc5 67. Qh3 Qc1+ 68. Kf6 Qf4+ 69. Ke6 Qc4+ 70. Ke7 b2 71. h8=Q b1=Q 72.
Q8c8+ Kb4 73. Qb7+ Qb5 74. Qxb5+ Kxb5 75. Qd7+ Kc4 76. Qc6+ Kd4 77. Qd6+ Kc4 78.
e6 Qb7+ 79. Kd8 Qa8+ 80. Kd7 Qxg2 81. Qc6+ 1-0

[Event "World Blitz 2025"]
[Site "Doha QAT"]
[Date "2025.12.29"]
[Round "2.61"]
[White "Lazavik, Denis"]
[Black "Dau Khuong Duy"]
[Result "0-1"]
[WhiteTitle "GM"]
[BlackTitle "IM"]
[WhiteElo "2605"]
[BlackElo "2489"]
[WhiteFideId "13515110"]
[BlackFideId "12424722"]
[EventDate "2025.12.29"]

1. d4 Nf6 2. Nf3 g6 3. Nbd2 Bg7 4. e4 d6 5. Bb5+ c6 6. Bd3 O-O 7. O-O Qc7 8. Re1
e5 9. c3 Nbd7 10. Nf1 Re8 11. Ng3 a5 12. a4 b6 13. h3 Bb7 14. Bg5 h6 15. Bd2
Rad8 16. Qc2 Nf8 17. Rad1 Ne6 18. Be3 Kh7 19. Qb3 c5 20. d5 Nf4 21. Bb5 Re7 22.
Qc2 Bc8 23. Bxf4 exf4 24. Nf1 Nd7 25. N1d2 Ne5 26. Nxe5 Bxe5 27. Nf3 g5 28. Be2
Kg7 29. Nh2 Bd7 30. Bg4 Be8 31. Bf5 b5 32. axb5 Bxb5 33. Ra1 Rb8 34. Qd1 Be8 35.
Ra2 f6 36. Nf1 c4 37. Nd2 Qc5 38. Qc2 Reb7 39. Nf3 a4 40. Rd1 Rb3 41. Nd4 Bxd4
42. Rxd4 Qb5 43. Rd2 Qc5 44. Kh2 Ra8 45. Qc1 Rab8 46. Qc2 Ra8 47. Qc1 Rab8 48.
Qd1 Qc7 49. Qe2 Qc5 50. Rd4 Bb5 51. Qh5 Be8 52. Qe2 Bb5 53. Be6 Qc7 54. Qd2 Qc5
55. Bg4 a3 56. Rxa3 Rxa3 57. bxa3 Qxa3 58. Be2 Ba6 59. Bxc4 Rb2 60. Qd3 Rxf2 61.
e5 Qb2 62. exf6+ Kxf6 63. Qe4 Bc8 64. Qe8 Rxg2+ 0-1

[Event "World Blitz 2025"]
[Site "Doha QAT"]
[Date "2025.12.29"]
[Round "2.62"]
[White "Mendonca, Leon Luke"]
[Black "Mamedov, Rauf"]
[Result "0-1"]
[WhiteTitle "GM"]
[BlackTitle "GM"]
[WhiteElo "2615"]
[BlackElo "2645"]
[WhiteFideId "35028561"]
[BlackFideId "13401653"]
[EventDate "2025.12.29"]

1. Nf3 c5 2. b3 Nc6 3. Bb2 Nf6 4. e3 g6 5. Bxf6 exf6 6. c4 Bg7 7. Nc3 f5 8. g3
O-O 9. Bg2 Re8 10. O-O d6 11. Rc1 Rb8 12. Ne1 a6 13. Nd3 Bd7 14. Nf4 b5 15. d3
Qa5 16. Qd2 Ne7 17. Rfd1 Bc6 18. Ncd5 Qxd2 19. Nxe7+ Rxe7 20. Rxd2 Be8 21. Nd5
Ra7 22. Nc3 Kf8 23. Bd5 b4 24. Na4 h5 25. Kg2 Bf6 26. h4 Re7 27. Rb1 Bd7 28. Kf1
Kg7 29. Kg2 Ree8 30. Rdd1 f4 31. gxf4 Bxh4 32. d4 Rec8 33. dxc5 Bxa4 34. bxa4
Rxc5 35. Rb3 Ra5 36. Bc6 Rc8 37. Rxd6 Be7 38. Rd7 Rxc6 39. Rxe7 Rxa4 40. Rb2
Rxc4 41. Rd2 Rc6 42. Rb7 a5 43. Rdd7 Rf6 44. Rd2 Ra3 45. Kg3 Rf5 46. Rc7 Rc3 47.
Rb7 Rc4 48. Ra7 Rc1 49. Kg2 Rcc5 50. Kg3 Rc3 51. Kg2 Ra3 52. Rb7 Rc3 53. Ra7 Rc6
54. Kg3 Rcf6 55. Kg2 g5 56. fxg5 Rxg5+ 57. Kh2 Rf3 58. Rc7 h4 59. Rc4 h3 60.
Rcc2 Rg2+ 61. Kh1 Rf5 62. Rb2 Rh5 63. Rbc2 Rf5 64. Rb2 Rc5 65. Rd1 Rc3 66. Rbd2
Ra3 67. Rc2 Rxe3 68. Rcd2 Rf3 69. Rf1 a4 70. Rd4 Rfxf2 71. Rxf2 Rxf2 72. Rxb4
Rxa2 73. Rh4 a3 74. Rxh3 Ra1+ 75. Kg2 a2 76. Ra3 f5 0-1

[Event "World Blitz 2025"]
[Site "Doha QAT"]
[Date "2025.12.29"]
[Round "2.63"]
[White "Ohanyan, Emin"]
[Black "Keymer, Vincent"]
[Result "1-0"]
[WhiteTitle "GM"]
[BlackTitle "GM"]
[WhiteElo "2493"]
[BlackElo "2776"]
[WhiteFideId "13312022"]
[BlackFideId "12940690"]
[EventDate "2025.12.29"]

1. d4 Nf6 2. Nf3 e6 3. c4 b6 4. g3 Bb7 5. Bg2 Be7 6. Nc3 O-O 7. d5 Bb4 8. Bd2
Na6 9. O-O Bxc3 10. Bxc3 exd5 11. Nh4 Ne4 12. Rc1 Nxc3 13. Rxc3 Re8 14. cxd5 Nc5
15. Re1 a5 16. e4 d6 17. Qd4 Bc8 18. f4 a4 19. e5 Rb8 20. Rce3 Bd7 21. b4 axb3
22. axb3 Ra8 23. b4 dxe5 24. fxe5 Ra4 25. Qc3 Na6 26. e6 fxe6 27. dxe6 Nxb4 28.
Qb3 Kh8 29. exd7 Rxe3 30. Qxe3 1-0

[Event "World Blitz 2025"]
[Site "Doha QAT"]
[Date "2025.12.29"]
[Round "2.64"]
[White "Mitrabha, Guha"]
[Black "Gharibyan, Mamikon"]
[Result "1-0"]
[WhiteTitle "GM"]
[BlackTitle "GM"]
[WhiteElo "2508"]
[BlackElo "2491"]
[WhiteFideId "5057000"]
[BlackFideId "13308300"]
[EventDate "2025.12.29"]

1. Nf3 d5 2. g3 c5 3. Bg2 Nc6 4. O-O e5 5. c4 d4 6. e3 Nf6 7. d3 Nd7 8. Na3 Be7
9. Nc2 O-O 10. Re1 a5 11. exd4 cxd4 12. b3 f6 13. Rb1 Nc5 14. Ba3 Bg4 15. Bxc5
Bxc5 16. a3 Qd6 17. Qc1 Bf5 18. Rd1 e4 19. Nh4 Bg4 20. Bxe4 Bxd1 21. Qxd1 g6 22.
Qg4 Ne5 23. Qf4 Bxa3 24. Bxb7 Rab8 25. Bd5+ Kh8 26. Qh6 f5 27. Re1 Ng4 28. Qg5
Qf6 29. Qxf6+ Nxf6 30. Nxa3 Rxb3 31. Ra1 Rxd3 32. Ng2 Rb3 33. Nf4 Ne4 34. c5 Rb2
35. Nc4 Rc2 36. c6 Nc3 37. Be6 g5 38. Nd3 Nb5 39. Rxa5 Nc7 40. Nb4 Rc1+ 41. Kg2
Nxe6 42. Ne5 g4 43. Ned3 Rc3 44. Re5 Nc7 45. Re7 Nb5 46. Nf4 Nd6 47. h3 gxh3+
48. Nxh3 Rc4 49. Nd5 Rxc6 50. Ng5 Ne4 51. Rxh7+ Kg8 52. Ne7# 1-0

[Event "World Blitz 2025"]
[Site "Doha QAT"]
[Date "2025.12.29"]
[Round "2.65"]
[White "Vokhidov, Shamsiddin"]
[Black "Tran, Thanh Tu"]
[Result "1-0"]
[WhiteTitle "GM"]
[BlackTitle "IM"]
[WhiteElo "2641"]
[BlackElo "2402"]
[WhiteFideId "14204223"]
[BlackFideId "12401404"]
[EventDate "2025.12.29"]

1. e4 Nc6 2. Nf3 d6 3. d4 Nf6 4. c3 g6 5. Bd3 Bg7 6. O-O O-O 7. Re1 e5 8. h3 h6
9. Nbd2 Re8 10. Nf1 Kh7 11. Ng3 a6 12. Be3 b6 13. Qd2 Bb7 14. Rad1 Qe7 15. a3
Rad8 16. Qc2 Nb8 17. d5 Nbd7 18. b4 Ra8 19. c4 a5 20. Rb1 axb4 21. axb4 Ra3 22.
c5 bxc5 23. bxc5 Ba6 24. Bxa6 Rxa6 25. c6 Nc5 26. Bxc5 dxc5 27. Nd2 Rea8 28. Nc4
Ne8 29. Ne2 Ra4 30. Rb7 Nd6 31. Nxd6 Qxd6 32. Nc3 Ra1 33. Reb1 c4 34. Rxa1 Rxa1+
35. Rb1 Qa3 36. Rxa1 Qxa1+ 37. Kh2 Bf8 38. Nb5 Bc5 39. Nxc7 c3 40. Nb5 Qb2 41.
Qxb2 cxb2 42. Nc3 Bd6 43. Kg3 f5 44. Kf3 Kg7 45. Ke3 Kf7 46. Kd3 Ke7 47. Kc2 Bc5
48. f3 1-0

[Event "World Blitz 2025"]
[Site "Doha QAT"]
[Date "2025.12.29"]
[Round "2.66"]
[White "Isanzhulov, Arystan"]
[Black "Naiditsch, Arkadij"]
[Result "1-0"]
[WhiteTitle "IM"]
[BlackTitle "GM"]
[WhiteElo "2419"]
[BlackElo "2574"]
[WhiteFideId "13711644"]
[BlackFideId "4650891"]
[EventDate "2025.12.29"]

1. e4 c5 2. Nf3 Nc6 3. Nc3 d6 4. g3 g6 5. d4 cxd4 6. Nxd4 Bg7 7. Nde2 h5 8. h3
Nf6 9. Bg2 Bd7 10. Be3 Rc8 11. O-O Qa5 12. Nd5 Ne5 13. b3 h4 14. f4 Nc6 15. g4
O-O 16. c3 Rfe8 17. b4 Qd8 18. a4 Nh7 19. b5 Na5 20. Bxa7 Nc4 21. Bd4 e6 22.
Bxg7 exd5 23. Bd4 dxe4 24. f5 Ng5 25. fxg6 fxg6 26. Nf4 Kh7 27. Nd5 Re6 28. Nf6+
Rxf6 29. Bxf6 Qb6+ 30. Bd4 Qd8 31. Qe1 Ne6 32. Bf6 Qb6+ 33. Kh1 Qe3 34. Qxh4+
Qh6 35. Qxh6+ Kxh6 36. Rfe1 d5 37. Rad1 Rf8 38. g5+ Kh5 39. Rxd5 Bc8 40. Bxe4
Nf4 41. Rd4 Nb2 42. Bf3+ Kh4 43. Kh2 Nd3 44. Re7 1-0

[Event "World Blitz 2025"]
[Site "Doha QAT"]
[Date "2025.12.29"]
[Round "2.67"]
[White "Ibrahimli, Murad"]
[Black "Vakhidov, Jakhongir"]
[Result "1-0"]
[WhiteTitle "IM"]
[BlackTitle "GM"]
[WhiteElo "2438"]
[BlackElo "2516"]
[WhiteFideId "13410229"]
[BlackFideId "14201801"]
[EventDate "2025.12.29"]

1. d4 Nf6 2. c4 g6 3. Nc3 Bg7 4. e4 d6 5. h3 O-O 6. Be3 Nbd7 7. Qc2 c5 8. d5 a6
9. a4 e6 10. Nf3 exd5 11. cxd5 Re8 12. Be2 Rb8 13. Nd2 Nh5 14. O-O Nf8 15. a5 f5
16. Bxh5 gxh5 17. exf5 Qf6 18. Qd1 Qxf5 19. Nc4 Qg6 20. Qf3 Nd7 21. Bf4 Ne5 22.
Bxe5 Bxe5 23. Rae1 Bf5 24. Nxe5 dxe5 25. Re3 Rf8 26. Qe2 Kh8 27. Rg3 Qf6 28.
Qxh5 Bg6 29. Qe2 e4 30. Qe3 Qd4 31. Rd1 Qb4 32. Rd2 Qxa5 33. h4 Qd8 34. Rg5 Qf6
35. d6 b6 36. d7 Rbd8 37. Nd5 Qe6 38. Nf4 Qf7 39. Nxg6+ hxg6 40. Qxe4 Rxd7 41.
Rxd7 Qxd7 42. Qxg6 1-0

[Event "World Blitz 2025"]
[Site "Doha QAT"]
[Date "2025.12.29"]
[Round "2.68"]
[White "Sharan, Rao"]
[Black "Kadric, Denis"]
[Result "0-1"]
[WhiteTitle "IM"]
[BlackTitle "GM"]
[WhiteElo "2341"]
[BlackElo "2543"]
[WhiteFideId "5073464"]
[BlackFideId "14403803"]
[EventDate "2025.12.29"]

1. Nf3 d6 2. d4 Nf6 3. b3 g6 4. Bb2 Bg7 5. e3 O-O 6. Be2 a5 7. O-O a4 8. c4 Bf5
9. Qc1 c6 10. Nc3 axb3 11. axb3 Rxa1 12. Qxa1 Qb6 13. Qa3 Na6 14. Na4 Qb4 15.
Qa2 Qa5 16. Bc3 Qd8 17. Nd2 Bd7 18. b4 b5 19. cxb5 cxb5 20. Nc5 dxc5 21. Qxa6
Nd5 22. Rc1 Nxc3 23. Rxc3 cxd4 24. exd4 Bxd4 25. Rd3 Bf5 26. Ra3 Bb2 27. Nf1
Bxa3 28. Qxa3 Qd7 29. h3 Rd8 30. Ne3 Bd3 31. Bf3 e6 32. Qa5 h5 33. Qb6 Qd4 34.
Qa5 Kg7 35. Bc6 Rd6 36. Bxb5 Bxb5 37. Qxb5 Rb6 38. Qe8 Rxb4 39. Qa8 Rb1+ 40. Kh2
Qf4+ 41. g3 Qxf2+ 42. Ng2 Qg1# 0-1

[Event "World Blitz 2025"]
[Site "Doha QAT"]
[Date "2025.12.29"]
[Round "2.85"]
[White "Zhang, Zhong"]
[Black "Rami, Talab"]
[Result "1-0"]
[WhiteTitle "GM"]
[WhiteElo "2561"]
[BlackElo "2173"]
[WhiteFideId "8600694"]
[BlackFideId "7609787"]
[EventDate "2025.12.29"]

1. e4 c6 2. d4 d5 3. exd5 cxd5 4. c4 Nf6 5. Nc3 e6 6. Nf3 Nc6 7. c5 Be7 8. Bb5
Bd7 9. O-O O-O 10. Re1 b6 11. Bxc6 Bxc6 12. Ne5 Be8 13. Be3 bxc5 14. dxc5 Qc7
15. Qd4 a5 16. Rac1 Rb8 17. Nd3 Qa7 18. a3 a4 19. Na2 Bc6 20. Nab4 Rfc8 21. Ne5
Be8 22. Qf4 Ne4 23. c6 Qa5 24. Nd7 Rb5 25. Bd4 Bxb4 26. axb4 Qxb4 27. Qe5 f6 28.
Qxe6+ Bf7 29. Nxf6+ gxf6 30. Qxc8+ Kg7 31. Qg4+ Bg6 32. c7 Qxd4 33. Rxe4 dxe4
34. c8=Q Qb4 35. Qcd7+ Kh6 36. Qf4+ Rg5 37. Qxf6 e3 38. fxe3 a3 39. bxa3 Qe4 40.
Qh3+ Rh5 41. Qf4+ Qxf4 42. Qxh5+ Kxh5 43. exf4 Kg4 44. g3 Kf3 45. a4 Bd3 46. a5
h5 47. Rc3 1-0

[Event "World Blitz 2025"]
[Site "Doha QAT"]
[Date "2025.12.29"]
[Round "2.86"]
[White "Nguyen, Ngoc Truong Son"]
[Black "Damaj, Mohammed"]
[Result "1-0"]
[WhiteTitle "GM"]
[BlackTitle "CM"]
[WhiteElo "2600"]
[BlackElo "2119"]
[WhiteFideId "12401110"]
[BlackFideId "11501731"]
[EventDate "2025.12.29"]

1. e4 c5 2. c3 Nf6 3. e5 Nd5 4. Bc4 Nb6 5. Bb3 c4 6. Bc2 d5 7. exd6 Qxd6 8. Na3
Nc6 9. Qe2 Qe6 10. Nb5 Qxe2+ 11. Nxe2 Nd5 12. b3 cxb3 13. axb3 Rb8 14. Be4 a6
15. Bxd5 axb5 16. d4 Bf5 17. Bf4 Rc8 18. Bf3 e6 19. O-O Be7 20. Rfc1 O-O 21. Ng3
Bg6 22. Be3 Bf6 23. Ne4 Bxe4 24. Bxe4 Rfd8 25. b4 g6 26. f4 Rc7 27. Bd3 Rdc8 28.
Bxb5 Nxd4 29. cxd4 Bxd4 30. Bxd4 Rxc1+ 31. Rxc1 Rxc1+ 32. Kf2 Rb1 33. Bc5 Rb2+
34. Be2 f5 35. b5 Kf7 36. b6 Ke8 37. Bd4 Rb4 38. Ke3 Kd7 39. Bf3 Kc8 40. h4 Rb3+
41. Kd2 Rb1 42. h5 Rb3 43. h6 Rb1 44. Kc2 Rh1 45. Bg7 Rh4 46. g3 Rh3 47. Be2
Rxg3 48. Bc4 Kd7 49. Bb5+ Kd8 50. Bf6+ Kc8 51. Be8 Rh3 52. Bg7 Kd8 53. Bb5 Rh4
54. Bf6+ 1-0

[Event "World Blitz 2025"]
[Site "Doha QAT"]
[Date "2025.12.29"]
[Round "2.87"]
[White "Sasikiran, Krishnan"]
[Black "Anwoir, Tarik"]
[Result "1-0"]
[WhiteTitle "GM"]
[WhiteElo "2538"]
[BlackElo "2098"]
[WhiteFideId "5004985"]
[BlackFideId "9004904"]
[EventDate "2025.12.29"]

1. e4 e5 2. Nf3 Nc6 3. Bb5 a6 4. Ba4 d6 5. O-O Bg4 6. h3 Bxf3 7. Bxc6+ bxc6 8.
Qxf3 c5 9. d3 Nf6 10. Qe2 Be7 11. f4 exf4 12. Bxf4 O-O 13. Nc3 Rb8 14. b3 Re8
15. Rae1 h6 16. Qf3 Rf8 17. e5 dxe5 18. Bxe5 Nd7 19. Bxc7 Qxc7 20. Rxe7 Qd6 21.
Qe3 Nf6 22. Qe5 Qc6 23. Rc7 Qb6 24. Na4 Qa5 25. Rxc5 Qd2 26. Rc4 Rb5 27. Qf4 Qa5
28. Nc3 Rg5 29. Rf2 Re8 30. Ne4 Nxe4 31. Qxf7+ Kh7 32. dxe4 Qe1+ 33. Rf1 Qe3+
34. Kh1 Rxe4 35. Qf3 Qxf3 36. Rxf3 Re2 37. Rg4 Rxg4 38. hxg4 Rxc2 39. a4 Kg6 40.
Kh2 Rb2 41. Kg3 a5 42. Rc3 Kf6 43. Kf3 Kg5 44. Rc5+ Kg6 45. Rb5 Kf6 46. g3 g6
47. g5+ hxg5 48. Kg4 Rg2 49. Rxa5 Rd2 50. Ra6+ Ke5 51. Rxg6 Rd4+ 52. Kxg5 Rd3
53. g4 Rxb3 54. a5 1-0